000 01025nam a22002897a 4500
001 BR2010005323
003 BR-BrBNA
005 20230928103426.0
007 ta
008 230509b bl.||||| |||| 00| 0 por d
040 _aBR-BrBNA
_bpor
_cBiblioteca Nacional de Agricultura
041 _a(Por)
072 _aH10; F04; F30
_b2120
090 _ 2120 BR2010005323
110 1 _aMinistério da Agricultura e do Abastecimento, Brasília, DF (Brasil). Secretaria de Apoio Rural e Cooperativismo
_96729
111 1 _a27. Congresso Brasileiro de Pesquisas Cafeeiras
_cUberaba, MG (Brazil)
_d23-26 Oct 2001
245 1 _a27. Congresso Brasileiro de Pesquisas Cafeeiras; café: 30 anos de tecnologia ocupando o cerrado; trabalhos apresentados
260 3 _aBrasília, DF (Brasil):
_c2001.
300 _a408 p.
650 _aCAFÉ
650 _aDOENÇA DE PLANTA
650 _aPRAGA DE PLANTA
650 _aMELHORAMENTO GENÉTICO VEGETAL
650 _aADUBAÇÃO
909 _a202309
_bLucia
_c55
_dLucia Elande
942 _cBK
999 _c75062
_d75062